| 000 | 00524nam a2200121Ia 4500 | ||
|---|---|---|---|
| 008 | 220620s9999||||xx |||||||||||||| ||und|| | ||
| 100 | _aGemünden, Gerd | ||
| 245 | 2 |
_aA Foreign Affair _bBilly Wilder's American Films |
|
| 546 | _aEnglish[eng] | ||
| 650 | _aMedia and Communications||Billy Wilder||Fedora (operating system)||Limousin dialect||Sherlock Holmes | ||
| 856 | _uhttps://library.oapen.org/bitstream/20.500.12657/45619/3/629150.pdf||https://library.oapen.org/bitstream/20.500.12657/31380/3/629150.pdf | ||
| 942 | _cEB | ||
| 999 |
_c26174 _d26174 |
||